Fünf Länder mit den wenigsten Einwohnern pro Kontinent - Statistiken

Allgemein
  • Dieses Quiz wurde 104 mal gespielt
  • Das Durchschnittsergebnis liegt bei 21 aus 30
Antwortstatistiken
Kontinent Bevölkerung Land % Korrekt
Europe 1.000 Vatikanstadt
98%
Europe 80.000 Andorra
96%
Europe 39.000 Liechtenstein
96%
Europe 36.000 Monaco
92%
Europe 34.000 San Marino
88%
Oceania 18.000 Palau
81%
South America 3.420.000 Uruguay
81%
South America 811.000 Guyana
78%
South America 6.810.000 Paraguay
78%
South America 620.000 Suriname
75%
North America 48.000 St. Kitts und Nevis
72%
Oceania 11.000 Tuvalu
72%
South America 12.300.000 Bolivien
71%
Asia 785.000 Bhutan
70%
Asia 451.000 Brunei
70%
Oceania 13.000 Nauru
70%
Africa 107.000 Seychellen
70%
North America 104.000 St. Vincent und die Grenadinen
69%
Asia 1.350.000 Osttimor
65%
Africa 230.000 São Tomé und Príncipe
65%
Africa 843.000 Komoren
64%
North America 126.000 Grenada
63%
Africa 596.000 Kap Verde
63%
North America 94.000 Antigua und Barbuda
61%
Oceania 107.000 Tonga
61%
Oceania 42.000 Marshallinseln
59%
North America 73.000 Dominica
58%
Africa 1.130.000 Dschibuti
55%
Asia 523.000 Malediven
53%
Asia 1.260.000 Zypern
30%
Keine übereinstimmenden Quizze gefunden
Verteilung der Resultate
Anzahl Personen mit jedem Resultat
Perzentil nach korrekt beantworteten Fragen
Ihre Resultats-Entwicklung
Sie haben dieses Quiz noch nicht gespielt